[Event "Fort Lauderdale 1000 GM GM 11"]
[Site "Fort Lauderdale"]
[Date "2023.11.04"]
[Round "4"]
[White "Ngo, Bach"]
[Black "Fishbein, Alexander"]
[Result "1/2-1/2"]
[WhiteElo "2367"]
[BlackElo "2382"]
[PlyCount "37"]
[EventDate "2023.11.02"]
[EventType "tourn"]
[EventRounds "9"]
[EventCountry "USA"]
[EventCategory "8"]
[SourceTitle "CB46_2023"]
[SourceDate "2023.11.15"]
[SourceVersion "1"]
[SourceVersionDate "2023.11.15"]
[SourceQuality "1"]

1. d4 Nf6 2. c4 e6 3. Nf3 Bb4+ 4. Bd2 a5 5. a3 Bxd2+ 6. Qxd2 b6 7. Nc3 Bb7 8. Qc2 d6 9. e4 Nbd7 10. 0-0-0 Qe7 11. Be2 e5 12. d5 0-0 13. Nd2 c6 14. Kb1 Rfc8 15. g4 cxd5 16. cxd5 Ba6 17. Bxa6 Rxa6 18. Qd3 Nc5 19. Qe2 1/2-1/2

[Event "Budapest SixDays 08 GM-B"]
[Site "Budapest"]
[Date "2023.08.04"]
[Round "7"]
[White "Pribelszky, Bence"]
[Black "Ngo, Bach"]
[Result "1-0"]
[WhiteElo "2413"]
[BlackElo "2382"]
[PlyCount "151"]
[EventDate "2023.07.31"]
[EventType "tourn"]
[EventRounds "9"]
[EventCountry "HUN"]
[EventCategory "6"]
[SourceTitle "CBM 215 Extra"]
[Source "ChessBase"]
[SourceDate "2023.09.30"]
[SourceVersion "1"]
[SourceVersionDate "2023.09.30"]
[SourceQuality "1"]

1. e4 e5 2. Nf3 Nc6 3. Bc4 Bc5 4. c3 Nf6 5. d3 d6 6. 0-0 0-0 7. Nbd2 a5 8. Bb3 h6 9. h3 Be6 10. Bc2 Ba7 11. Re1 Re8 12. Nf1 d5 13. Qe2 b5 14. Rd1 d4 15. Ng3 a4 16. a3 Nd7 17. Bd2 Bc5 18. Nh5 g6 19. Ng3 Kh7 20. Kh1 Qe7 21. Rf1 dxc3 22. bxc3 Qf8 23. Bc1 Na5 24. Nd2 Nb3 25. Bxb3 axb3 26. Rb1 Bxa3 27. Nxb3 Nb6 28. Be3 Na4 29. Qc2 c5 30. Nd2 c4 31. Rxb5 cxd3 32. Qxd3 Rec8 33. Ne2 Nb2 34. Qc2 Nc4 35. Nxc4 Bxc4 36. Rbb1 Ra6 37. Rfd1 Qe7 38. Ng1 Qe6 39. Nf3 Rac6 40. Qd2 Rd6 41. Qe1 Rdc6 42. Qd2 Rd6 43. Qc2 Rdc6 44. Rb7 R8c7 45. Rxc7 Rxc7 46. Qd2 Bf8 47. Kh2 Bg7 48. Qd8 Rc8 49. Qh4 Qe8 50. Ng5+ Kg8 51. Nf3 Be2 52. Rd2 Bxf3 53. gxf3 h5 54. Bb6 Kh7 55. Rd8 Rxd8 56. Qxd8 Qc6 57. Ba5 f5 58. Qd5 Qf6 59. Bd8 Qf8 60. Kg2 fxe4 61. fxe4 Bf6 62. Bb6 Qg7 63. Qd6 g5 64. Qc7 Qxc7 65. Bxc7 Kg6 66. c4 Kf7 67. c5 Ke6 68. c6 Bg7 69. Kf3 Bf6 70. Ke3 Bg7 71. f3 Bh6 72. Kd3 Bg7 73. Kc4 Bf6 74. Kb5 Bg7 75. Ka6 g4 76. fxg4 1-0

[Event "Budapest SixDays 08 GM-B"]
[Site "Budapest"]
[Date "2023.07.31"]
[Round "1"]
[White "Kojima, Shinya"]
[Black "Ngo, Bach"]
[Result "1/2-1/2"]
[WhiteElo "2308"]
[BlackElo "2382"]
[PlyCount "85"]
[EventDate "2023.07.31"]
[EventType "tourn"]
[EventRounds "9"]
[EventCountry "HUN"]
[EventCategory "6"]
[SourceTitle "CBM 215 Extra"]
[Source "ChessBase"]
[SourceDate "2023.09.30"]
[SourceVersion "1"]
[SourceVersionDate "2023.09.30"]
[SourceQuality "1"]

1. Nf3 d5 2. d4 Nf6 3. c4 e6 4. Nc3 Be7 5. Bf4 0-0 6. Qc2 dxc4 7. e4 c5 8. dxc5 Qa5 9. Bxc4 Qxc5 10. Bb3 Nc6 11. 0-0 Na5 12. Rfd1 Nxb3 13. Qxb3 Qb4 14. Qxb4 Bxb4 15. Bd6 Bxd6 16. Rxd6 b6 17. e5 Ne8 18. Rdd1 Nc7 19. Ng5 Bb7 20. Nge4 Bxe4 21. Nxe4 Rfd8 22. Rac1 Nd5 23. g3 h6 24. f4 Rac8 25. a3 Kh7 26. Kf2 Kg6 27. Kf3 f6 28. exf6 Nxf6 29. Nxf6 Kxf6 30. Rxd8 Rxc1 31. Rd7 Rc2 32. Rxa7 Rxb2 33. Rb7 Rb3+ 34. Kg2 g5 35. fxg5+ hxg5 36. h3 Ke5 37. Rg7 Kf6 38. Ra7 Ke5 39. Ra4 b5 40. Rg4 Kf6 41. Rb4 Rxa3 42. Rxb5 Rc3 43. h4 1/2-1/2

[Event "Budapest Vezerkepzo GM 07"]
[Site "Budapest"]
[Date "2023.07.28"]
[Round "6"]
[White "Ngo, Bach"]
[Black "Srihari, LR."]
[Result "1/2-1/2"]
[WhiteElo "2345"]
[BlackElo "2384"]
[PlyCount "33"]
[EventDate "2023.07.24"]
[EventType "swiss"]
[EventRounds "9"]
[EventCountry "HUN"]
[SourceTitle "EXT 2024"]
[Source "ChessBase"]
[SourceDate "2023.10.10"]
[SourceVersion "1"]
[SourceVersionDate "2023.10.10"]
[SourceQuality "1"]

1. d4 Nf6 2. Nf3 e6 3. c4 Bb4+ 4. Bd2 Bxd2+ 5. Qxd2 0-0 6. Nc3 d5 7. e3 Qe7 8. Qc2 dxc4 9. Bxc4 c5 10. 0-0 cxd4 11. Nxd4 Bd7 12. Rfd1 Nc6 13. Bb5 Rac8 14. Nxc6 Bxc6 15. Qb3 a6 16. Bxc6 Rxc6 17. Rd4 1/2-1/2

[Event "Budapest Vezerkepzo GM 07"]
[Site "Budapest"]
[Date "2023.07.24"]
[Round "1"]
[White "Alexakis, Dimitris"]
[Black "Ngo, Bach"]
[Result "0-1"]
[WhiteElo "2449"]
[BlackElo "2345"]
[PlyCount "86"]
[EventDate "2023.07.24"]
[EventType "swiss"]
[EventRounds "9"]
[EventCountry "HUN"]
[SourceTitle "EXT 2024"]
[Source "ChessBase"]
[SourceDate "2023.10.10"]
[SourceVersion "1"]
[SourceVersionDate "2023.10.10"]
[SourceQuality "1"]

1. e4 e5 2. Nf3 Nc6 3. Nc3 Nf6 4. Bb5 Bd6 5. d3 a6 6. Bxc6 dxc6 7. h3 Qe7 8. 0-0 h6 9. d4 exd4 10. Qxd4 Bc5 11. Qd3 Be6 12. Bf4 0-0 13. a3 Rfe8 14. Rfe1 a5 15. Bh2 a4 16. e5 Nd7 17. Qe4 Nb6 18. g4 Nc4 19. Rab1 Red8 20. Bg3 Qe8 21. g5 h5 22. Qh4 Nd2 23. Nxd2 Rxd2 24. Ne4 Rxc2 25. Rbc1 Rxc1 26. Rxc1 Bf8 27. Qxh5 Bf5 28. Qf3 Qe6 29. h4 Rd8 30. Nc3 Rd4 31. Ne2 Rd2 32. Re1 Bc5 33. Nf4 Qb3 34. Kg2 Qxf3+ 35. Kxf3 Rxb2 36. h5 Bxa3 37. g6 fxg6 38. hxg6 Be7 39. e6 a3 40. Bh4 Bxh4 41. e7 Rxf2+ 42. Ke3 Bxe7 43. Kxf2 Bh4+ 0-1

[Event "Budapest Vezerkepzo Summer GM"]
[Site "Budapest"]
[Date "2023.07.19"]
[Round "9"]
[White "Ngo, Bach"]
[Black "Alexakis, Dimitris"]
[Result "1-0"]
[WhiteElo "2345"]
[BlackElo "2449"]
[PlyCount "93"]
[EventDate "2023.07.11"]
[EventType "tourn"]
[EventRounds "9"]
[EventCountry "HUN"]
[EventCategory "6"]
[SourceTitle "CBM 215 Extra"]
[Source "ChessBase"]
[SourceDate "2023.09.30"]
[SourceVersion "1"]
[SourceVersionDate "2023.09.30"]
[SourceQuality "1"]

1. Nf3 c5 2. c4 Nc6 3. Nc3 e5 4. e3 f5 5. d4 e4 6. d5 Nce7 7. d6 exf3 8. Nb5 Nf6 9. Nc7+ Kf7 10. Nxa8 Ng6 11. Nc7 b6 12. gxf3 Bb7 13. Be2 Nh4 14. b4 g5 15. Bb2 cxb4 16. Rg1 h6 17. a3 b3 18. c5 Kg6 19. cxb6 axb6 20. Rg3 Bg7 21. Qxb3 Bc6 22. 0-0-0 Qb8 23. Rh3 Rf8 24. f4 Ng2 25. fxg5 hxg5 26. Rg1 Rh8 27. Rg3 Rxh2 28. f3 Qh8 29. Bd1 Ne4 30. R3xg2 Rxg2 31. Rxg2 Nc5 32. Qc4 Qh1 33. Rd2 Ba4 34. Bxg7 Kxg7 35. Kb2 Bxd1 36. Qd4+ Kg6 37. Rxd1 Qxf3 38. Nd5 Qe2+ 39. Rd2 Qb5+ 40. Nb4 g4 41. Rc2 Qf1 42. Qd5 Kf6 43. Ka2 g3 44. Qd4+ Kg6 45. Nd5 Ne4 46. Nf4+ Kh7 47. Qe5 1-0

[Event "Budapest Vezerkepzo Summer GM"]
[Site "Budapest"]
[Date "2023.07.15"]
[Round "5"]
[White "Srihari, LR."]
[Black "Ngo, Bach"]
[Result "0-1"]
[WhiteElo "2384"]
[BlackElo "2345"]
[PlyCount "138"]
[EventDate "2023.07.11"]
[EventType "tourn"]
[EventRounds "9"]
[EventCountry "HUN"]
[EventCategory "6"]
[SourceTitle "CBM 215 Extra"]
[Source "ChessBase"]
[SourceDate "2023.09.30"]
[SourceVersion "1"]
[SourceVersionDate "2023.09.30"]
[SourceQuality "1"]

1. c4 e6 2. Nf3 d5 3. e3 Nf6 4. Nc3 Be7 5. b3 0-0 6. Bb2 c5 7. cxd5 Nxd5 8. h4 Nc6 9. a3 f5 10. Qc2 Bd7 11. Bc4 Nb6 12. Bd3 e5 13. g4 e4 14. Nxe4 fxe4 15. Bxe4 Rxf3 16. Bxf3 Bf6 17. Rc1 Bxb2 18. Qxb2 Qe7 19. Qc3 Ne5 20. Bxb7 Rb8 21. Be4 Bxg4 22. f4 Ned7 23. Bg2 Rf8 24. Kf2 h5 25. a4 Nc8 26. Qc4+ Kh8 27. Qe4 Qf6 28. Bf3 Nd6 29. Qd5 Qg6 30. Bxg4 Nf6 31. Qg2 Nxg4+ 32. Ke2 Rd8 33. Qd5 Nf7 34. Qc4 Nxe3 35. Rhg1 Qxg1 36. Rxg1 Nxc4 37. bxc4 Rd4 38. d3 Rxf4 39. Rb1 Nd6 40. Rb8+ Kh7 41. Rd8 Rd4 42. Rd7 a6 43. Rc7 Nf5 44. Rxc5 g6 45. Rc7+ Kg8 46. Rc6 Rd6 47. Rc8+ Kf7 48. c5 Re6+ 49. Kd2 Ke7 50. Kc3 Kd7 51. Ra8 Nxh4 52. d4 Nf5 53. d5 Re5 54. Ra7+ Kc8 55. Rxa6 Rxd5 56. Kc4 Rd4+ 57. Kb5 Ne7 58. Ra8+ Kb7 59. Rh8 Kc7 60. Rh7 Rd7 61. Rh6 Rd1 62. Rh7 Rb1+ 63. Kc4 Kd7 64. a5 Rb8 65. a6 Ke6 66. Rg7 Rh8 67. a7 Ra8 68. Kb5 Rxa7 69. c6 Rc7 0-1

[Event "Budapest Vezerkepzo Summer GM"]
[Site "Budapest"]
[Date "2023.07.13"]
[Round "3"]
[White "Mirzoev, Azer"]
[Black "Ngo, Bach"]
[Result "1-0"]
[WhiteElo "2395"]
[BlackElo "2345"]
[PlyCount "107"]
[EventDate "2023.07.11"]
[EventType "tourn"]
[EventRounds "9"]
[EventCountry "HUN"]
[EventCategory "6"]
[SourceTitle "CBM 215 Extra"]
[Source "ChessBase"]
[SourceDate "2023.09.30"]
[SourceVersion "1"]
[SourceVersionDate "2023.09.30"]
[SourceQuality "1"]

1. Nf3 d5 2. c4 e6 3. g3 Nf6 4. Bg2 dxc4 5. Qa4+ Bd7 6. Qxc4 c5 7. Ne5 Qc8 8. Qd3 Nc6 9. Nxd7 Nxd7 10. Nc3 Be7 11. 0-0 0-0 12. b3 Rd8 13. Bb2 Nf6 14. Qc2 Qd7 15. d3 Rac8 16. Rac1 b6 17. Rfd1 Nd5 18. e3 Ncb4 19. Qb1 Nxc3 20. Bxc3 Nd5 21. Bb2 Bf6 22. Bxd5 Qxd5 23. Bxf6 gxf6 24. Rc4 Qh5 25. Rd2 Rd5 26. b4 Rcd8 27. bxc5 Rxc5 28. Rh4 Qg6 29. Qd1 Kf8 30. Kg2 Rdd5 31. d4 Ra5 32. e4 Rh5 33. Rf4 f5 34. e5 Rg5 35. h3 Qh6 36. Qf3 Rg8 37. d5 exd5 38. Rc2 Rc5 39. Rxc5 bxc5 40. Rxf5 Qe6 41. Rf6 Qxe5 42. Rxf7+ Ke8 43. Rxa7 Rg7 44. Rxg7 Qxg7 45. Qxd5 Qc3 46. a4 Qb4 47. Qa8+ Kd7 48. a5 c4 49. a6 Kc7 50. a7 Qb6 51. Qe4 Qxa7 52. Qxh7+ Kb6 53. Qxa7+ Kxa7 54. Kf1 1-0

[Event "Budapest FS07 GM"]
[Site "Budapest"]
[Date "2023.07.02"]
[Round "2"]
[White "Ngo, Bach"]
[Black "Neverov, Valeriy"]
[Result "1/2-1/2"]
[WhiteElo "2345"]
[BlackElo "2410"]
[PlyCount "76"]
[EventDate "2023.07.01"]
[EventType "tourn"]
[EventRounds "9"]
[EventCountry "HUN"]
[EventCategory "6"]
[SourceTitle "EXT 2024"]
[Source "ChessBase"]
[SourceDate "2023.10.10"]
[SourceVersion "1"]
[SourceVersionDate "2023.10.10"]
[SourceQuality "1"]

1. d4 d5 2. Nf3 Nf6 3. c4 e6 4. Nc3 Be7 5. Bf4 0-0 6. a3 b6 7. e3 c5 8. cxd5 Nxd5 9. Nxd5 exd5 10. b3 a5 11. Bb5 Ba6 12. Qe2 Bxb5 13. Qxb5 a4 14. dxc5 bxc5 15. 0-0 Qd7 16. bxa4 Rxa4 17. Rfb1 Qxb5 18. Rxb5 Nc6 19. g3 h6 20. h4 Rc8 21. Kg2 Nb4 22. Rc1 Na2 23. Ra1 Rxa3 24. Be5 Nc3 25. Bxc3 Rxc3 26. Ra7 Bf6 27. g4 g5 28. Rbb7 Rf8 29. Ra6 Kg7 30. Rbb6 Be7 31. Rxh6 gxh4 32. Rh5 Rc4 33. Ne5 Re4 34. Rah6 Rxe5 35. Rh7+ Kg8 36. Rh8+ Kg7 37. R8h7+ Kg8 38. Rh8+ Kg7 1/2-1/2

[Event "Balatonlelle Rigo Memorial IM 2nd"]
[Site "Balatonlelle"]
[Date "2023.06.18"]
[Round "5"]
[White "Konyves, Almos"]
[Black "Ngo, Bach"]
[Result "0-1"]
[WhiteElo "2300"]
[BlackElo "2293"]
[PlyCount "56"]
[EventDate "2023.06.14"]
[EventType "tourn"]
[EventRounds "9"]
[EventCountry "HUN"]
[EventCategory "1"]
[SourceTitle "CBM 214 Extra"]
[Source "ChessBase"]
[SourceDate "2023.07.31"]
[SourceVersion "1"]
[SourceVersionDate "2023.07.31"]
[SourceQuality "1"]

1. d4 d5 2. c4 e6 3. Nc3 Bb4 4. e3 Nf6 5. cxd5 exd5 6. Bd3 0-0 7. Nge2 Nbd7 8. Qc2 c5 9. 0-0 c4 10. Bf5 Re8 11. Qd1 Nf8 12. Bc2 Rb8 13. f3 b5 14. a3 Ba5 15. h3 Ne6 16. e4 dxe4 17. fxe4 Bb6 18. Be3 Bb7 19. Bf2 Ng5 20. e5 Nfe4 21. Be3 Nxc3 22. Nxc3 Rxe5 23. dxe5 Bxe3+ 24. Kh2 Qe8 25. Qg4 Qxe5+ 26. Qg3 Qxg3+ 27. Kxg3 a6 28. Rad1 Bb6 0-1

[Event "Budapest FS06 GM"]
[Site "Budapest"]
[Date "2023.06.05"]
[Round "3"]
[White "Aveskulov, Valeriy"]
[Black "Ngo, Bach"]
[Result "1-0"]
[WhiteElo "2506"]
[BlackElo "2291"]
[PlyCount "95"]
[EventDate "2023.06.03"]
[EventType "tourn"]
[EventRounds "9"]
[EventCountry "HUN"]
[EventCategory "6"]
[SourceTitle "CBM 214 Extra"]
[Source "ChessBase"]
[SourceDate "2023.07.31"]
[SourceVersion "1"]
[SourceVersionDate "2023.07.31"]
[SourceQuality "1"]

1. e4 c5 2. Nf3 d6 3. Bc4 Nf6 4. d3 e6 5. 0-0 Be7 6. Bb3 0-0 7. c3 Nc6 8. Re1 b5 9. Nbd2 Rb8 10. Nf1 Re8 11. Ng3 Bf8 12. d4 c4 13. Bc2 e5 14. d5 Ne7 15. b4 g6 16. a4 a6 17. h3 Bg7 18. Bg5 Kh8 19. Qd2 Nfg8 20. axb5 axb5 21. Nh2 Rf8 22. Be3 f5 23. exf5 gxf5 24. f4 Nf6 25. fxe5 Nfxd5 26. Bd4 Nc6 27. Bf2 dxe5 28. Nh5 Nf4 29. Qxd8 Rxd8 30. Nxg7 Kxg7 31. Nf3 Ng6 32. Bg3 Kf6 33. h4 h5 34. Ng5 Rd2 35. Red1 Rxd1+ 36. Rxd1 Ke7 37. Bf2 Nf4 38. Bc5+ Ke8 39. Rd6 Ne7 40. Bd1 Bd7 41. Rh6 Bc8 42. Rd6 Bd7 43. Rh6 Bc8 44. Rh8+ Kd7 45. Rh7 Nfd5 46. Bxh5 Bb7 47. Bf7 Kc6 48. Nf3 1-0

[Event "Charlotte CCCSA Spring GM-A"]
[Site "Charlotte"]
[Date "2023.03.17"]
[Round "4"]
[White "Gauri, Shankar"]
[Black "Ngo, Bach"]
[Result "1-0"]
[WhiteElo "2322"]
[BlackElo "2309"]
[PlyCount "113"]
[EventDate "2023.03.15"]
[EventType "tourn"]
[EventRounds "9"]
[EventCountry "USA"]
[EventCategory "6"]
[SourceTitle "CBM 213 Extra"]
[Source "ChessBase"]
[SourceDate "2023.05.31"]
[SourceVersion "1"]
[SourceVersionDate "2023.05.31"]
[SourceQuality "1"]

1. d4 Nf6 2. Nf3 d5 3. c4 e6 4. g3 Bb4+ 5. Bd2 a5 6. Bg2 0-0 7. Qc2 Be7 8. 0-0 c6 9. Bf4 Nbd7 10. Rd1 a4 11. Nc3 dxc4 12. Nd2 Nb6 13. Nce4 Nxe4 14. Bxe4 g5 15. Be5 f6 16. Bxh7+ Kh8 17. Qg6 fxe5 18. Bg8 Rf7 19. Bxf7 Qf8 20. Qh5+ Kg7 21. Qg6+ Kh8 22. dxe5 Ra5 23. Qh5+ Kg7 24. Qg6+ Kh8 25. Bxe6 Rxe5 26. Bxc8 Qxc8 27. Nf3 Rc5 28. Qh6+ Kg8 29. Qg6+ Kf8 30. Nd4 Re5 31. f4 gxf4 32. gxf4 Re3 33. Nf5 Qe6 34. Qxe6 Rxe6 35. Nxe7 Kxe7 36. Kf2 Nd5 37. Rd4 b5 38. Rad1 Rh6 39. Rxd5 cxd5 40. Rxd5 Rxh2+ 41. Ke3 b4 42. Rd4 b3 43. axb3 Rh3+ 44. Ke4 Rxb3 45. Rxc4 Rxb2 46. e3 a3 47. Ra4 a2 48. Ra6 Kd7 49. f5 Ke7 50. Kf4 Rf2+ 51. Ke5 Rb2 52. Ra7+ Kd8 53. e4 Ke8 54. f6 Rb5+ 55. Ke6 Rb6+ 56. Kf5 Rb5+ 57. Kg6 1-0

[Event "Charlotte CCCSA Spring GM-A"]
[Site "Charlotte"]
[Date "2023.03.16"]
[Round "3"]
[White "Ngo, Bach"]
[Black "Belenkaya, Dina"]
[Result "1/2-1/2"]
[WhiteElo "2309"]
[BlackElo "2300"]
[PlyCount "128"]
[EventDate "2023.03.15"]
[EventType "tourn"]
[EventRounds "9"]
[EventCountry "USA"]
[EventCategory "6"]
[SourceTitle "CBM 213 Extra"]
[Source "ChessBase"]
[SourceDate "2023.05.31"]
[SourceVersion "1"]
[SourceVersionDate "2023.05.31"]
[SourceQuality "1"]

1. d4 d5 2. Nf3 Nf6 3. c4 e6 4. Nc3 Be7 5. Bf4 0-0 6. e3 b6 7. Bd3 c5 8. cxd5 Nxd5 9. Nxd5 exd5 10. b3 Nc6 11. 0-0 Nb4 12. Be2 Be6 13. Ne5 f6 14. Nd3 a5 15. Bg3 Nxd3 16. Bxd3 f5 17. Bb5 Bd6 18. Rc1 Rc8 19. Qe2 Kh8 20. Rfd1 Bg8 21. Rc2 f4 22. exf4 Bxf4 23. dxc5 Bxg3 24. hxg3 bxc5 25. Rdc1 Qb6 26. Bd7 Rc7 27. Qb5 Qxb5 28. Bxb5 Rfc8 29. Kf1 Be6 30. Re2 Bf7 31. Re5 Kg8 32. Ke2 Kf8 33. Kd2 Rb8 34. a4 Rb6 35. g4 Rf6 36. f3 Rf4 37. Re3 Rd4+ 38. Rd3 Rxd3+ 39. Bxd3 d4 40. Bc4 Bxc4 41. Rxc4 Ke7 42. Rc1 Kd6 43. Rh1 g6 44. f4 Rb7 45. Kc2 Rf7 46. g3 Re7 47. f5 Re2+ 48. Kd1 Rg2 49. Rxh7 gxf5 50. gxf5 Rxg3 51. Kc2 Rc3+ 52. Kb2 Rf3 53. Ra7 Rf2+ 54. Kc1 Rf3 55. Kc2 Rxf5 56. Rxa5 Rf2+ 57. Kd3 Rf3+ 58. Kc2 Rc3+ 59. Kb2 Kc6 60. Ra8 Rh3 61. Kc2 Rh2+ 62. Kd3 Rh3+ 63. Kc2 Rh2+ 64. Kd3 Rh3+ 1/2-1/2

[Event "Gulf Coast op 8th"]
[Site "Estero"]
[Date "2023.01.07"]
[Round "3"]
[White "Hernandez Gonzalez, William"]
[Black "Ngo, Bach"]
[Result "1/2-1/2"]
[WhiteElo "2485"]
[BlackElo "2295"]
[PlyCount "69"]
[EventDate "2023.01.07"]
[EventType "swiss"]
[EventRounds "5"]
[EventCountry "USA"]
[SourceTitle "CBM 212 Extra"]
[Source "ChessBase"]
[SourceDate "2023.03.31"]
[SourceVersion "1"]
[SourceVersionDate "2023.03.31"]
[SourceQuality "1"]

1. Nf3 d5 2. b3 Nf6 3. Bb2 e6 4. e3 Be7 5. d4 0-0 6. Nbd2 b6 7. Bd3 c5 8. 0-0 cxd4 9. exd4 Ba6 10. c4 Nc6 11. Rc1 Rc8 12. Qe2 Bd6 13. Rfe1 Ne7 14. Ne5 Bb7 15. Ndf3 dxc4 16. bxc4 Ng6 17. Nxg6 hxg6 18. Ne5 Bxe5 19. Qxe5 Qc7 20. Qg5 Nh5 21. Re5 Qd8 22. Qg4 Qf6 23. Rce1 Qf4 24. Qd1 Rfd8 25. Bf1 Nf6 26. f3 Rc7 27. d5 Qh4 28. g3 Qh8 29. Bc1 Kh7 30. Bg5 Qf8 31. Qd4 exd5 32. Qh4+ Kg8 33. Bxf6 gxf6 34. Qxf6 dxc4 35. Rh5 1/2-1/2

[Event "Basel Christmas op"]
[Site "Basel"]
[Date "2022.12.29"]
[Round "6"]
[White "Lumachi, Gabriele"]
[Black "Ngo, Bach"]
[Result "1/2-1/2"]
[WhiteElo "2399"]
[BlackElo "2280"]
[PlyCount "77"]
[EventDate "2022.12.26"]
[EventType "swiss"]
[EventRounds "9"]
[EventCountry "SUI"]
[SourceTitle "EXT 2024"]
[Source "ChessBase"]
[SourceDate "2023.10.10"]
[SourceVersion "1"]
[SourceVersionDate "2023.10.10"]
[SourceQuality "1"]

1. d4 Nf6 2. c4 e6 3. Nf3 d5 4. Nc3 dxc4 5. e3 a6 6. Bxc4 b5 7. Bb3 Bb7 8. 0-0 c5 9. e4 cxd4 10. Nxd4 Nc6 11. Nxc6 Qxd1 12. Rxd1 Bxc6 13. f3 Bc5+ 14. Kf1 Rc8 15. a4 b4 16. Ne2 Nd7 17. a5 Ke7 18. Bc4 Bb7 19. Bf4 h6 20. Nc1 g6 21. Bg3 h5 22. Nb3 Be3 23. Bd6+ Kf6 24. Ke2 Rxc4 25. Kxe3 Rhc8 26. Rac1 Ne5 27. Bxe5+ Kxe5 28. Rxc4 Rxc4 29. Rc1 Rxc1 30. Nxc1 Kd6 31. Kd4 e5+ 32. Kc4 Bc6 33. Kxb4 Bb5 34. Nb3 Bf1 35. g4 hxg4 36. fxg4 Be2 37. h3 Kc6 38. Nd2 f6 39. Kc3 1/2-1/2

[Event "Basel Christmas op"]
[Site "Basel"]
[Date "2022.12.27"]
[Round "2"]
[White "Samadov, Read"]
[Black "Ngo, Bach"]
[Result "1/2-1/2"]
[WhiteElo "2450"]
[BlackElo "2280"]
[PlyCount "80"]
[EventDate "2022.12.26"]
[EventType "swiss"]
[EventRounds "9"]
[EventCountry "SUI"]
[SourceTitle "EXT 2024"]
[Source "ChessBase"]
[SourceDate "2023.10.10"]
[SourceVersion "1"]
[SourceVersionDate "2023.10.10"]
[SourceQuality "1"]

1. d4 Nf6 2. c4 e6 3. Nc3 Bb4 4. Qc2 d5 5. a3 Bxc3+ 6. Qxc3 0-0 7. Bg5 h6 8. Bxf6 Qxf6 9. Nf3 dxc4 10. Qxc4 Nc6 11. Qc3 Re8 12. Rd1 Qe7 13. e3 e5 14. d5 Nb8 15. Be2 Bg4 16. 0-0 Qd6 17. h3 Bxf3 18. Bxf3 Nd7 19. Rc1 Rac8 20. Bg4 g6 21. e4 h5 22. Bxd7 Qxd7 23. Qa5 a6 24. Rfd1 Qd6 25. Rd3 Re7 26. Rb3 c6 27. Rbc3 Rec7 28. dxc6 Rxc6 29. Rxc6 Rxc6 30. Rxc6 Qxc6 31. Qxe5 b5 32. g3 a5 33. Kg2 a4 34. Qd5 Qc2 35. Qd8+ Kh7 36. Qd4 Qe2 37. Qe5 Kg8 38. Qd4 Kh7 39. h4 Kg8 40. Qe5 Kh7 1/2-1/2

[Event "US Masters op"]
[Site "Charlotte"]
[Date "2022.11.25"]
[Round "4"]
[White "Ngo, Bach"]
[Black "Hambleton, Aman"]
[Result "1/2-1/2"]
[WhiteElo "2275"]
[BlackElo "2437"]
[PlyCount "93"]
[EventDate "2022.11.23"]
[EventType "swiss"]
[EventRounds "9"]
[EventCountry "USA"]
[SourceTitle "CBM 211 Extra"]
[Source "ChessBase"]
[SourceDate "2023.01.31"]
[SourceVersion "1"]
[SourceVersionDate "2023.01.31"]
[SourceQuality "1"]

1. d4 Nf6 2. Nf3 e6 3. c4 b6 4. a3 Bb7 5. Nc3 d5 6. Bf4 Bd6 7. Bxd6 cxd6 8. e3 0-0 9. cxd5 Nxd5 10. Nxd5 Bxd5 11. Bd3 Nd7 12. 0-0 Bb7 13. Qe2 Nf6 14. e4 Rc8 15. Rfe1 Rc7 16. Qe3 Nd7 17. Rad1 Qe7 18. Nd2 a6 19. e5 dxe5 20. dxe5 b5 21. f4 Nc5 22. Ne4 Bxe4 23. Bxe4 Nxe4 24. Qxe4 Rd8 25. b4 g6 26. Qe3 Rc6 27. Rxd8+ Qxd8 28. Rc1 Rc4 29. Kf2 Qh4+ 30. Kf3 Qxh2 31. Rxc4 bxc4 32. Qd4 Qh5+ 33. Kf2 Qh4+ 34. Kf3 Qh5+ 35. Ke3 Qh4 36. Kf3 Kg7 37. Qxc4 g5 38. Qe4 g4+ 39. Ke2 Qg3 40. a4 Qb3 41. f5 exf5 42. Qxf5 Qc4+ 43. Kf2 Qxb4 44. Qg5+ Kf8 45. Qd8+ Kg7 46. Qg5+ Kf8 47. Qd8+ 1/2-1/2

[Event "Charlotte CCCSA Fall GM-B"]
[Site "Charlotte"]
[Date "2022.11.18"]
[Round "2"]
[White "Cruz, Cristhian"]
[Black "Ngo, Bach"]
[Result "1/2-1/2"]
[WhiteElo "2552"]
[BlackElo "2275"]
[PlyCount "81"]
[EventDate "2022.11.18"]
[EventType "tourn"]
[EventRounds "9"]
[EventCountry "USA"]
[EventCategory "8"]
[SourceTitle "CBM 211 Extra"]
[Source "ChessBase"]
[SourceDate "2023.01.31"]
[SourceVersion "1"]
[SourceVersionDate "2023.01.31"]
[SourceQuality "1"]

1. d4 Nf6 2. Nc3 d5 3. Bf4 a6 4. e3 Bf5 5. Bd3 Bxd3 6. Qxd3 e6 7. Nge2 Nbd7 8. 0-0-0 b5 9. f3 c5 10. e4 c4 11. Qe3 Nb6 12. a3 Be7 13. g4 Qd7 14. Ng3 0-0 15. Bg5 Rfb8 16. Nh5 Nxh5 17. gxh5 Bxg5 18. Qxg5 h6 19. Qf4 Kh8 20. Rhg1 Rg8 21. Rg2 Kh7 22. Re1 a5 23. exd5 exd5 24. Re5 b4 25. Nxd5 Nxd5 26. Qe4+ Kh8 27. Qxd5 Qh3 28. Rge2 c3 29. bxc3 bxc3 30. R5e3 Rac8 31. Qxa5 Qf1+ 32. Re1 Qf2 33. R1e2 Qg1+ 34. Re1 Qxh2 35. Rd1 Ra8 36. Qxc3 Rgc8 37. Qd2 Qd6 38. Qb4 Qf4 39. Qd2 Qd6 40. Qb4 Qf4 41. Qd2 1/2-1/2